Building trades blueprint reading (Record no. 548984)

000 -LEADER
fixed length control field 00871cam a22002171 4500
022 ## - INTERNATIONAL STANDARD SERIAL NUMBER
International Standard Serial Number 0826904513
082 ## - DEWEY DECIMAL CLASSIFICATION NUMBER
Classification number 692.1
Author Mark SUN
100 1# - MAIN ENTRY--PERSONAL NAME
Personal name Sundberg, Elmer W.
9 (RLIN) 45466
245 10 - TITLE STATEMENT
Title Building trades blueprint reading
Statement of responsibility, etc. [by] Elmer W. Sundberg.
260 ## - PUBLICATION, DISTRIBUTION, ETC.
Place of publication, distribution, etc. Chicago,
Name of publisher, distributor, etc. American Technical Society
Date of publication, distribution, etc. 1973.
300 ## - PHYSICAL DESCRIPTION
Other physical details illus.
Dimensions 28 cm.
500 ## - GENERAL NOTE
General note Includes earlier editions of some volumes.
500 ## - GENERAL NOTE
General note Vols. prior to 1967 are entered under J. R. Dalzell.
505 1# - FORMATTED CONTENTS NOTE
Formatted contents note pt. 1. Fundamentals. ed. --pt. 2. Residential and light commercial construction. ed. --pt. 3. General construction: specifications and heavy construction. ed.
526 ## - STUDY PROGRAM INFORMATION NOTE
Program name 0
Interest level 0
Reading level 0
Title point value 692_100000000000000_SUN
650 #0 - SUBJECT ADDED ENTRY--TOPICAL TERM
Topical term or geographic name entry element Architectural drawing.
9 (RLIN) 25520
650 #0 - SUBJECT ADDED ENTRY--TOPICAL TERM
Topical term or geographic name entry element Blueprints.
9 (RLIN) 37725
650 #0 - SUBJECT ADDED ENTRY--TOPICAL TERM
Topical term or geographic name entry element MCE
9 (RLIN) 379
700 1# - ADDED ENTRY--PERSONAL NAME
Personal name Dalzell, J. Ralph
9 (RLIN) 45372
942 ## - ADDED ENTRY ELEMENTS (KOHA)
Source of classification or shelving scheme
Koha item type Book
Holdings
Withdrawn status Lost status Source of classification or shelving scheme Damaged status Not for loan Permanent Location Current Location Date acquired Total Checkouts Full call number Barcode Date last seen Date last checked out Price effective from Koha item type
          Military College of Engineering (MCE) Military College of Engineering (MCE) 09/12/2014 1 692.1 SUN MCE-43271 09/12/2014 09/12/2014 09/12/2014 Book
© 2023 Central Library, National University of Sciences and Technology. All Rights Reserved.